000 00816nam a2200253 a 4500
001
003 DO-SdBNP
005 20240306094019.0
007 000022490
008 101012s2013 dr 000 0 spa d
020 _a9993479896
040 _aBPMSU
_bspa
_cBPMSU
082 _a923.27293
_bD812i, 2013
_222
092 _b
245 0 0 _aIdeario de Duarte /
_cCompilador Vetilio Alfau Durán.
260 _aSanto Domingo :
_bComisión Permanente de Efemérides Patrias,
_c2022
300 _a31 p. ;
_c23 cm.
590 _aInventariado, 2024/VM
600 1 4 _aDuarte, Juan Pablo
_d1813-1876
_xPensamiento político
700 1 _aAlfau Durán, Vetilio,
_ecomp.
710 2 _aComisión Permanente de Efémerides Patrias (República Dominicana)
910 _aVMateo V. Control de calidad. BPMSU
942 _2ddc
_cBK
999 _c14580
_d14580